000 00815cam a22002415a 4500
001 L157389
008 121121s2012 xxko f 000 0 eng d
020 _a9781848062597
035 _a(Sirsi) u157389
041 0 _aeng
050 0 4 _a693.82 $2 18
100 1 _aLennon, Tom
245 0 0 _aAssessing the fire performance of existing reinforced concrete flooring systems
260 _aWatford
_bBRE
_c2012
300 _a12p.
_bill.
_c30cm.
490 0 _aBRE Information Paper
_v(9/12)
520 _aExpains how to assess the fire performance of existing reinforced concrete flooring systems using tabulated values from national standards and the appropriate section of the Eurocode.
521 _aAdvanced
590 _aKA
651 4 _aUnited Kingdom
_y
690 _aHealth and safety
_96244
942 _n0
999 _c114748
_d114748